| 000 | 00708naa a2200157 i 4500 | ||
|---|---|---|---|
| 001 | 9966 | ||
| 003 | KOSZ 005 | ||
| 005 | 20180412114812.0 | ||
| 008 | 180412s1986 pl f |000 0 pol | ||
| 040 |
_cKOSZ 005/HR _aKOSZ 005/HR |
||
| 100 |
_aSOBOLEWSKI, Edward. _d1982-1996 _bWyższa Szkoła Inżynierska - Wydział Mechaniczny, _cZakład Termodynamiki i Chłodnictwa |
||
| 245 | 1 | 0 |
_aBadanie wentylatorów / _cEdward Sobolewski. |
| 650 | 0 | _aTermodynamika techniczna. | |
| 773 | 0 |
_iW : _tMateriały pomocnicze do ćwiczeń laboratoryjnych z podstaw techniki cieplnej. Cz. 2 / pod red. Mariana Czapp. - _dKoszalin : Wydaw. Uczelniane Wyższej Szkoły Inżynierskiej, 1986. - _gs. 520-564 |
|
| 942 |
_cROZ _2UKD |
||
| 999 |
_c9966 _d9966 |
||